Bước đầu tìm hiểu tổ chức ASEAN, quan hệ Việt Nam ASEAN Luận văn tốt nghiệp Đại học Sư phạm ngành Sử khóa 18
Spremljeno u:
| Glavni autor: | |
|---|---|
| Format: | Knjiga |
| Jezik: | Undetermined |
| Izdano: |
Cần Thơ
Trường Đại học Cần Thơ, Khoa Sư phạm, Bộ môn Lịch sử
1996
|
| Teme: | |
| Oznake: |
Dodaj oznaku
Bez oznaka, Budi prvi tko označuje ovaj zapis!
|
| Thư viện lưu trữ: | Trung tâm Học liệu Trường Đại học Cần Thơ |
|---|
| LEADER | 00695nam a2200181Ia 4500 | ||
|---|---|---|---|
| 001 | CTU_33547 | ||
| 008 | 210402s9999 xx 000 0 und d | ||
| 082 | |a 330.959 | ||
| 082 | |b N400/1996 | ||
| 100 | |a Phạm Thành Nỏ | ||
| 245 | 0 | |a Bước đầu tìm hiểu tổ chức ASEAN, quan hệ Việt Nam ASEAN | |
| 245 | 0 | |b Luận văn tốt nghiệp Đại học Sư phạm ngành Sử khóa 18 | |
| 245 | 0 | |c Phạm Thành Nỏ | |
| 260 | |a Cần Thơ | ||
| 260 | |b Trường Đại học Cần Thơ, Khoa Sư phạm, Bộ môn Lịch sử | ||
| 260 | |c 1996 | ||
| 650 | |a southeast asia | ||
| 980 | |a Trung tâm Học liệu Trường Đại học Cần Thơ | ||